| 000 | 01342nam a2200493Ia 4500 | ||
|---|---|---|---|
| 001 | 131700 | ||
| 003 | 223357 | ||
| 005 | 20250220085420.0 | ||
| 008 | ||||||n9999 ||| || || | ||
| 082 | _a342861 | ||
| 100 | 1 |
_aVidal Perdomo, Jaime, _d1931-2018 _97404 |
|
| 245 | 0 |
_aHistoria constitucional de Colombia _cCompiladores Jaime Vidal Perdomo y Augusto Trujillo Muñoz |
|
| 505 | _aContenido: v.1: SIGLO XIX.-- v.2: SIGLO XX.-- v.3: ANALISIS TEMATICO. | ||
| 562 | _e51 | ||
| 650 |
_aCOLOMBIA--CONSTITUCIÓN _910370 |
||
| 650 |
_aCOLOMBIA--CONSTITUCIÓN, 1886 _910340 |
||
| 650 | 0 |
_aColombia--historia constitucional _910371 |
|
| 650 |
_aCONSTITUCION DE 1832 _910879 |
||
| 650 |
_aCONSTITUCION DE 1858 _9159365 |
||
| 650 |
_aCONSTITUCION DE 1863 _9155039 |
||
| 650 | 0 |
_aDerecho constitucional _91802 |
|
| 650 |
_aREFORMAS CONSTITUCIONALES--COLOMBIA _910668 |
||
| 942 | _cBKM | ||
| 999 |
_c131700 _d131700 |
||
| 526 | _a17598 | ||
| 526 | _a102617 | ||
| 526 | _a102618 | ||
| 526 | _a15794 | ||
| 526 | _a102620 | ||
| 526 | _a10406 | ||
| 526 | _a105630 | ||
| 526 | _a1698 | ||
| 526 | _a116204 | ||
| 526 | _a4969 | ||
| 526 | _a19790 | ||
| 526 | _a104436 | ||
| 526 | _a5144 | ||
| 526 | _a51868 | ||
| 526 | _a3899 | ||
| 526 | _a9683 | ||
| 526 | _a | ||
| 526 | _a1703 | ||
| 526 | _a1697 | ||